Normal view
MARC view
- Bolz, Roger.W
Entry Personal Name
001 - CONTROL NUMBER
- control field: 62265
003 - CONTROL NUMBER IDENTIFIER
- control field: NUST
005 - DATE AND TIME OF LATEST TRANSACTION
- control field: 20210628202917.0
008 - FIXED-LENGTH DATA ELEMENTS
- fixed length control field: 210628|| aca||aabn | a|a d
040 ## - CATALOGING SOURCE
- Original cataloging agency: NUST
- Transcribing agency: NUST
100 ## - HEADING--PERSONAL NAME
- Personal name: Bolz, Roger.W
670 ## - SOURCE DATA FOUND
- Source citation: Work cat.: (NUST): Bolz, Roger.W, Manufacturing automation management ,a productivity handbook, 1985
